000 00356nam a22001337a 4500
020 _a81-8741490-1
082 _a510
_bDEW/M
100 _aRAJESH K DEWAN, Dr.SANJEEV VERMA
245 _aTOGETHER WITH MATHEMATICS SOLUTIONS
_bCLASS XII
260 _aMEERUT
_bRACHNA SAGAR PVT LTD
300 _a295
650 _aMATHS SOLUTIONS FOR CLASS XII
_zINDIA
942 _cBK
999 _c731
_d731